Poisťovne vs. maklérske spoločnosti diplomová práca

Saved in:
Bibliographic Details
Main Author: Kaššovicová, Renáta
Corporate Author: Fakulta hospodárskej informatiky EU. Katedra matematiky
Other Authors: Simonka, Zsolt, 1974-
Format: Book
Language:Slovak
Published: Bratislava 2013
Tags: Add Tag
No Tags, Be the first to tag this record!

MARC

LEADER 00000nbm a2200000 4500
001 0171728
005 20161109102453.7
041 0 |a slo 
044 |a SK 
245 1 0 |a Poisťovne vs. maklérske spoločnosti  |b diplomová práca  |c Renáta Kaššovicová ; školiteľ: Zsolt Simonka 
264 1 |a Bratislava  |c 2013 
300 |a 74 s. 
100 1 |a Kaššovicová, Renáta 
700 1 |a Simonka, Zsolt, 1974- 
710 2 |a Fakulta hospodárskej informatiky EU. Katedra matematiky